Kratkij japono-russkij ieroglifičeskij slovar

Na minha lista:
Detalhes bibliográficos
Formato: Livro
Idioma:russo
japonês
Publicado em: Moskva OGIZ 1944
Tags: Adicionar Tag
Sem tags, seja o primeiro a adicionar uma tag!

MARC

LEADER 00000nam a2200000 4500
001 0308370
005 20250430105526.3
041 0 |a rus 
041 0 |a jpn 
044 |a RU 
245 1 0 |a Kratkij japono-russkij ieroglifičeskij slovar 
264 1 |a Moskva  |b OGIZ  |c 1944